Evolution of Business Management Ethos in India/ (Record no. 191921)
[ view plain ]
| 000 -LEADER | |
|---|---|
| fixed length control field | 00612nam a22001937a 4500 |
| 005 - DATE AND TIME OF LATEST TRANSACTION | |
| control field | 20220907121605.0 |
| 010 ## - LCCN (DPL NO) | |
| LC control number | ENG-134952 |
| 020 ## - INTERNATIONAL STANDARD BOOK NUMBER | |
| International Standard Book Number | 9788194205210 |
| Terms of availability | 500.00 |
| 035 ## - SYSTEM CONTROL NUMBER | |
| System control number | EN-118484 |
| 037 ## - SOURCE OF ACQUISITION | |
| Source of stock number/acquisition | DBAD/PUB |
| 082 ## - DEWEY DECIMAL CLASSIFICATION NUMBER | |
| Classification number | 658.8 |
| 100 ## - MAIN ENTRY--PERSONAL NAME | |
| Personal name | Murugesan, G. |
| 245 ## - TITLE STATEMENT | |
| Title | Evolution of Business Management Ethos in India/ |
| Statement of responsibility, etc | G. Murugesan and M. Jaisun |
| 260 ## - PUBLICATION, DISTRIBUTION, ETC. (IMPRINT) | |
| Place of publication, distribution, etc | Tamil Nadu |
| Name of publisher, distributor, etc | Virudhunagar Hindu Nadars |
| Date of publication, distribution, etc | 2019 |
| 270 ## - ADDRESS | |
| Address | 3/151-1, College Road, Virudhunagar |
| City | Virdhunagar |
| Electronic mail address | support@vhnsnc.edu.in |
| 300 ## - PHYSICAL DESCRIPTION | |
| Extent | 203p. |
| Dimensions | 20cm(pbk) |
| 700 ## - ADDED ENTRY--PERSONAL NAME | |
| Personal name | Jalsun, M. |
| 942 ## - ADDED ENTRY ELEMENTS (KOHA) | |
| Source of classification or shelving scheme | Dewey Decimal Classification |
| Item type | English Books |
| Classification part | 658.8 |
| Call number suffix | MUR |
| Withdrawn status | Lost status | Not for loan | Collection code | Home library | Current library | Date acquired | Source of acquisition | Cost, normal purchase price | Full call number | Barcode | Copy number | Cost, replacement price | Koha item type |
|---|---|---|---|---|---|---|---|---|---|---|---|---|---|
| Non-fiction | Shahdara Branch | Shahdara Branch | 07/09/2022 | DBAD/PUB | 500.00 | 658.8 MUR | EN-118484 | 1 | 500.00 | English Books |
